[Event "III Open A"]
[Site "Lodi ITA"]
[Date "2007.06.09"]
[Round "3"]
[White "Werle, Jan"]
[Black "Djingarova, Emilia"]
[Result "1-0"]
[WhiteElo "2556"]
[BlackElo "2281"]
[PlyCount "61"]
[EventDate "2007.06.08"]

1. c4 e6 2. Nc3 b6 3. d4 Bb7 4. a3 f5 5. Nf3 Nf6 6. g3 Be7 7. Bg2 O-O 8. O-O
Qe8 9. d5 Na6 10. b4 Ne4 11. Bb2 Bf6 12. Nd4 Rd8 13. Nxe4 fxe4 14. Bxe4 exd5
15. Bxd5+ Bxd5 16. cxd5 c5 17. dxc6 dxc6 18. Qb3+ Kh8 19. e3 c5 20. Ne2 Qe4 21.
Bxf6 Rxf6 22. Rad1 Rfd6 23. Nc3 Qg4 24. Nd5 Rh6 25. f4 cxb4 26. axb4 Nb8 27.
Rd2 Nd7 28. e4 Qe6 29. e5 Rh5 30. Qd3 Rf8 31. Nc7 1-0

[Event "III Open A"]
[Site "Lodi ITA"]
[Date "2007.06.09"]
[Round "3"]
[White "Zozulia, Anna"]
[Black "Salvador, Roland"]
[Result "1-0"]
[WhiteElo "2344"]
[BlackElo "2452"]
[PlyCount "79"]
[EventDate "2007.06.08"]

1. e4 c5 2. Nf3 Nc6 3. d4 cxd4 4. Nxd4 e5 5. Nb5 d6 6. N1c3 a6 7. Na3 Be7 8.
Nd5 Nf6 9. Nxf6+ gxf6 10. Bc4 Be6 11. c3 Qd7 12. Be3 Rg8 13. g3 f5 14. Bxe6
Qxe6 15. exf5 Qxf5 16. Qd5 Qh5 17. Nc4 Rg6 18. Rd1 f5 19. Kd2 Rc8 20. f4 e4 21.
Bb6 Rf6 22. Ne3 Qf7 23. Qxf7+ Kxf7 24. Ke2 Bd8 25. Bd4 Nxd4+ 26. Rxd4 b5 27.
Rhd1 Rc6 28. Rd5 Kg6 29. Nc2 Ba5 30. a4 Rc5 31. Rxd6 bxa4 32. Rxf6+ Kxf6 33.
Rd6+ Ke7 34. Rxa6 Rb5 35. Kd1 Bb6 36. Nb4 Kf7 37. Rxa4 Bg1 38. Ke2 Bxh2 39. Kf2
e3+ 40. Kg2 1-0

[Event "III Open A"]
[Site "Lodi ITA"]
[Date "2007.06.10"]
[Round "4"]
[White "Borgo, Giulio"]
[Black "Werle, Jan"]
[Result "0-1"]
[WhiteElo "2418"]
[BlackElo "2556"]
[PlyCount "104"]
[EventDate "2007.06.08"]

1. Nf3 Nf6 2. c4 b6 3. g3 Bb7 4. Bg2 e6 5. O-O Be7 6. Nc3 O-O 7. Re1 Ne4 8.
Nxe4 Bxe4 9. d3 Bb7 10. e4 c5 11. d4 cxd4 12. Nxd4 Nc6 13. Bf4 Nxd4 14. Qxd4
Bc5 15. Qd3 Qe7 16. e5 Bxg2 17. Kxg2 f6 18. Re2 Rf7 19. exf6 Qxf6 20. Be5 Qh6
21. f4 g5 22. Qf3 Raf8 23. Qg4 Qg6 24. Qxg5 Qxg5 25. fxg5 Rf2+ 26. Rxf2 Rxf2+
27. Kh3 d5 28. cxd5 exd5 29. Rd1 Kf7 30. Bc3 Ke6 31. a4 Re2 32. Rd3 Be7 33. Kg4
Rxh2 34. Re3+ Kd7 35. Re5 Kd6 36. Re1 Kd7 37. Be5 Bb4 38. Rf1 Ke6 39. Bh8 Bc5
40. Rf6+ Ke7 41. Rf4 Be3 42. Rf3 d4 43. b4 Ke6 44. a5 bxa5 45. bxa5 Kd5 46. Rf7
d3 47. Rd7+ Kc4 48. Kf3 Bc5 49. Be5 Rf2+ 50. Kg4 d2 51. a6 Be3 52. Bg7 Rf1 0-1

[Event "III Open A"]
[Site "Lodi ITA"]
[Date "2007.06.10"]
[Round "4"]
[White "Bove, Alessandro"]
[Black "Szakolczai, Peter"]
[Result "1/2-1/2"]
[WhiteElo "2120"]
[BlackElo "2287"]
[PlyCount "91"]
[EventDate "2007.06.08"]

1. d4 Nf6 2. c4 e6 3. g3 Bb4+ 4. Bd2 Qe7 5. Bg2 Bxd2+ 6. Qxd2 d6 7. Nc3 O-O 8.
Nf3 c6 9. O-O Nbd7 10. Rfd1 Re8 11. b4 e5 12. dxe5 dxe5 13. c5 a5 14. a3 e4 15.
Ne1 e3 16. Qxe3 Qxe3 17. fxe3 Rxe3 18. Nd3 h5 19. b5 Nxc5 20. Nxc5 Rxc3 21.
Rd8+ Kh7 22. Na4 Rc2 23. Nb6 Rb8 24. Rxc8 Rxc8 25. Nxc8 cxb5 26. Nd6 Rxe2 27.
Nxf7 Ng4 28. Nd6 Rb2 29. Nxb7 a4 30. Nd6 g6 31. Re1 Rb3 32. h3 Ne3 33. Be4 Nc4
34. Nxc4 bxc4 35. Kf2 Rxa3 36. Re3 c3 37. Bc2 Kg7 38. Ke2 Kf6 39. Kd3 g5 40.
Re1 h4 41. g4 Ra2 42. Re3 Ra1 43. Kxc3 a3 44. Bf5 Rg1 45. Kb3 Rg3 46. Rd3
1/2-1/2

[Event "III Open A"]
[Site "Lodi ITA"]
[Date "2007.06.10"]
[Round "4"]
[White "Czebe, Attila"]
[Black "Damia, Angelo"]
[Result "0-1"]
[WhiteElo "2500"]
[BlackElo "2212"]
[PlyCount "116"]
[EventDate "2007.06.08"]

1. c4 e5 2. g3 Nf6 3. Bg2 c6 4. d4 e4 5. Nh3 d5 6. cxd5 cxd5 7. O-O Bd6 8. Nc3
Nc6 9. Bg5 Be6 10. Nf4 Bxf4 11. Bxf4 Qb6 12. e3 Qxb2 13. Qe1 O-O 14. Rb1 Qc2
15. Rxb7 Rfc8 16. Nb5 Qxa2 17. Nd6 Rcb8 18. Qc3 Rxb7 19. Nxb7 Qc4 20. Qa1 Qb5
21. Rb1 Nb4 22. Na5 Nc2 23. Rxb5 Nxa1 24. Rc5 Rc8 25. Bf1 Rxc5 26. dxc5 Nc2 27.
Nc6 Ne1 28. h3 Nd3 29. Bd6 Nd7 30. Ne7+ Kf8 31. c6 Nb6 32. Nxd5+ Ke8 33. Nc7+
Kd8 34. Nxe6+ fxe6 35. Bg2 Nc8 36. Bf8 g6 37. Bxe4 Ne5 38. h4 Kc7 39. h5 Nd6
40. Bc2 Kxc6 41. Bg7 Nf3+ 42. Kf1 Nf5 43. Bc3 Kd6 44. Bb4+ Kc7 45. Kg2 Ne5 46.
Bb3 Kd7 47. Ba4+ Kd8 48. hxg6 hxg6 49. Bc5 a6 50. e4 Nh6 51. Bd4 Nd7 52. f4 Nf7
53. Kf3 Ke7 54. e5 g5 55. g4 gxf4 56. Kxf4 Nh8 57. Bc2 Kf7 58. Kg5 Kg7 0-1

[Event "III Open A"]
[Site "Lodi ITA"]
[Date "2007.06.10"]
[Round "4"]
[White "Djingarova, Emilia"]
[Black "Burlando, Alessandro"]
[Result "0-1"]
[WhiteElo "2281"]
[BlackElo "2115"]
[PlyCount "82"]
[EventDate "2007.06.08"]

1. e4 e6 2. d3 c5 3. g3 Nc6 4. Bg2 g6 5. c3 Bg7 6. Be3 d6 7. Ne2 Nge7 8. O-O
O-O 9. d4 b6 10. Na3 Ba6 11. Re1 Qe8 12. Rb1 Rc8 13. b4 cxb4 14. cxb4 Bxe2 15.
Rxe2 d5 16. exd5 Nxd5 17. Bxd5 exd5 18. b5 Nd8 19. Nc2 Ne6 20. a4 Rc4 21. Nb4
Qd7 22. Nc6 Nd8 23. Ne5 Bxe5 24. dxe5 Ne6 25. Rd2 d4 26. Qb3 Qd5 27. Rbd1 Qc5
28. Bh6 Rc3 29. Bxf8 Rxb3 30. Bxc5 bxc5 31. h4 Rb4 32. Ra2 c4 33. Kf1 d3 34. h5
gxh5 35. Re1 Nc5 36. f3 c3 37. Kf2 c2 38. Rh1 Rb1 39. e6 fxe6 40. Ra1 Rxa1 41.
Rxa1 d2 0-1

[Event "III Open A"]
[Site "Lodi ITA"]
[Date "2007.06.10"]
[Round "4"]
[White "Dragojlovic, Andjelko"]
[Black "Fedorchuk, Sergey A."]
[Result "0-1"]
[WhiteElo "2412"]
[BlackElo "2603"]
[PlyCount "106"]
[EventDate "2007.06.08"]

1. e4 c5 2. Nf3 d6 3. d4 cxd4 4. Qxd4 Nc6 5. Bb5 Bd7 6. Bxc6 Bxc6 7. Nc3 Nf6 8.
Bg5 e6 9. O-O-O Be7 10. Rhe1 Qa5 11. Kb1 O-O 12. Qd2 Qa6 13. Bxf6 Bxf6 14. Qxd6
Bxc3 15. bxc3 Qb6+ 16. Qb4 Qxf2 17. Rd2 Qb6 18. Qxb6 axb6 19. Ne5 Rfd8 20. Rd4
Kf8 21. g3 Ke7 22. Nd3 Ra4 23. Rxa4 Bxa4 24. e5 Bb5 25. Re3 Bc4 26. a3 b5 27.
Kc1 f6 28. exf6+ gxf6 29. Nb2 Bd5 30. a4 bxa4 31. Nxa4 f5 32. Nb2 Kf6 33. Nd3
Bc4 34. Ne5 b5 35. Nd3 Rd6 36. Kb2 Rd5 37. Kc1 e5 38. Nb4 Rc5 39. Kd2 f4 40.
gxf4 exf4 41. Re8 Rh5 42. Rf8+ Kg5 43. Nd3 Rxh2+ 44. Kd1 Rh1+ 45. Kd2 Rh4 46.
Ne5 Rh2+ 47. Kc1 Rh1+ 48. Kd2 h5 49. Rc8 Rh2+ 50. Kc1 Re2 51. Rc5 Kh4 52. Nxc4
bxc4 53. Rxc4 Kg3 0-1

[Event "III Open A"]
[Site "Lodi ITA"]
[Date "2007.06.10"]
[Round "4"]
[White "Galassi, Federico"]
[Black "Contin, Daniel"]
[Result "1-0"]
[WhiteElo "2142"]
[BlackElo "2327"]
[PlyCount "113"]
[EventDate "2007.06.08"]

1. e4 e6 2. d4 d5 3. Nd2 c5 4. exd5 exd5 5. Ngf3 Nf6 6. Bb5+ Bd7 7. Qe2+ Be7 8.
O-O O-O 9. dxc5 Bxc5 10. Nb3 Bb6 11. Bg5 h6 12. Bh4 Nc6 13. Qd2 Bg4 14. Bxc6
bxc6 15. Ne5 Bd7 16. Bxf6 gxf6 17. Nxd7 Qxd7 18. Qxh6 Qf5 19. Rad1 Rfe8 20. Nd4
Qg6 21. Qxg6+ fxg6 22. Nxc6 Re2 23. Nb4 Kg7 24. Rxd5 Rae8 25. g3 Kh6 26. Rd7
R8e6 27. a3 f5 28. Kg2 a5 29. Nd5 Rxc2 30. b4 Ra2 31. Nf4 Rc6 32. b5 Rcc2 33.
Nd3 Rxa3 34. Re1 Rd2 35. Re6 Bxf2 36. Rxg6+ Kxg6 37. Nf4+ Kg5 38. Rxd2 Be3 39.
Rb2 a4 40. b6 Rb3 41. Rxb3 axb3 42. b7 Ba7 43. Nd3 Kf6 44. Kf3 Ke6 45. Nc5+ Kd5
46. Nxb3 Kc6 47. Nd4+ Kxb7 48. Nxf5 Kc6 49. Ke4 Kd7 50. Ke5 Ke8 51. Kf6 Bg1 52.
h4 Kf8 53. g4 Kg8 54. g5 Bf2 55. g6 Kh8 56. g7+ Kh7 57. Kf7 1-0

[Event "III Open A"]
[Site "Lodi ITA"]
[Date "2007.06.10"]
[Round "4"]
[White "Genocchio, Daniele"]
[Black "Brunello, Sabino"]
[Result "1/2-1/2"]
[WhiteElo "2327"]
[BlackElo "2454"]
[PlyCount "37"]
[EventDate "2007.06.08"]

1. f4 e5 2. fxe5 Nc6 3. Nf3 g5 4. d4 g4 5. Ng5 d5 6. exd6 Qxd6 7. c3 Qg6 8. d5
Ne5 9. Qa4+ Bd7 10. Qe4 Qxe4 11. Nxe4 f5 12. Ng3 Nf6 13. e4 fxe4 14. Bf4 Ng6
15. Bg5 Nxd5 16. Nxe4 Be7 17. Bc4 Nb6 18. Bb3 O-O-O 19. O-O 1/2-1/2

[Event "III Open A"]
[Site "Lodi ITA"]
[Date "2007.06.10"]
[Round "4"]
[White "Giretti Kanev, Jasen"]
[Black "Pokorna, Regina"]
[Result "0-1"]
[WhiteElo "2184"]
[BlackElo "2343"]
[PlyCount "53"]
[EventDate "2007.06.08"]

1. Nf3 Nf6 2. c4 e6 3. Nc3 d5 4. d4 c5 5. Bg5 Nc6 6. cxd5 exd5 7. Bxf6 Qxf6 8.
Nxd5 Qd8 9. dxc5 Bxc5 10. Nc3 Qb6 11. e3 Qxb2 12. Rc1 Bb4 13. Qd2 Qxd2+ 14.
Nxd2 O-O 15. Bd3 Be6 16. Bc4 Ne5 17. Be2 Rac8 18. Ndb1 Rc5 19. a3 Ba5 20. f4
Nd7 21. Kd2 Rfc8 22. Kd3 Bb6 23. g4 Bc4+ 24. Kd2 Bxe2 25. Nxe2 Rxc1 26. Rxc1
Rxc1 27. Nxc1 0-1

[Event "III Open A"]
[Site "Lodi ITA"]
[Date "2007.06.10"]
[Round "4"]
[White "Martinez, Rolly"]
[Black "Malakhatko, Vadim"]
[Result "0-1"]
[WhiteElo "2422"]
[BlackElo "2598"]
[PlyCount "150"]
[EventDate "2007.06.08"]

1. e4 e6 2. d4 d5 3. exd5 exd5 4. Bd3 c6 5. c3 Bd6 6. Ne2 Qc7 7. Qc2 Ne7 8. Bg5
Nd7 9. Bh4 Ng6 10. Bg3 Nf6 11. Nd2 Bg4 12. f3 Bd7 13. O-O-O O-O-O 14. Nb3 Kb8
15. Kb1 Rhe8 16. Qd2 Re7 17. Bxd6 Qxd6 18. g3 Rde8 19. Nec1 Ng8 20. Na1 Qf6 21.
Rhf1 Bh3 22. Rf2 h5 23. Nc2 Nh6 24. Re1 Bd7 25. Rxe7 Rxe7 26. b3 h4 27. Kb2
hxg3 28. hxg3 Nf5 29. Ne2 Nd6 30. Bxg6 Qxg6 31. Qf4 Kc7 32. g4 Re6 33. Qg3 Qg5
34. Qf4 Qxf4 35. Nxf4 Rh6 36. Ne3 g5 37. Nd3 f6 38. c4 dxc4 39. bxc4 b6 40. Ne1
Rh8 41. N1c2 Be6 42. d5 cxd5 43. Nd4 Bf7 44. cxd5 Re8 45. Ndc2 Rh8 46. Nd4 Kd7
47. Rd2 Rh3 48. Rf2 Rh1 49. Ndc2 Bg6 50. f4 Ne4 51. Rf3 Nd2 52. Rf2 Rb1+ 53.
Ka3 Ne4 54. Rf3 Nd6 55. Nd4 Be4 56. Rf2 Re1 57. Ndc2 Bxc2 58. Nxc2 Re4 59. fxg5
fxg5 60. Rh2 Nb5+ 61. Kb3 Rxg4 62. Rh7+ Kd6 63. Nb4 a5 64. Rh6+ Ke5 65. Nc6+
Kxd5 66. Ne7+ Ke5 67. Kc2 Nd4+ 68. Kd3 b5 69. a4 Rg3+ 70. Kd2 bxa4 71. Ra6 Ke4
72. Nc6 Rg2+ 73. Kd1 Nxc6 74. Rxc6 a3 75. Ke1 Rg3 0-1

[Event "III Open A"]
[Site "Lodi ITA"]
[Date "2007.06.10"]
[Round "4"]
[White "Naumkin, Igor"]
[Black "Zozulia, Anna"]
[Result "1/2-1/2"]
[WhiteElo "2497"]
[BlackElo "2344"]
[PlyCount "82"]
[EventDate "2007.06.08"]

1. d4 g6 2. c4 Bg7 3. e4 d6 4. Nc3 Nf6 5. Nf3 O-O 6. Be2 e5 7. O-O Na6 8. Re1
exd4 9. Nxd4 Nc5 10. f3 a5 11. Be3 c6 12. Qd2 Re8 13. Rad1 Qc7 14. Nb3 Nxb3 15.
axb3 Bf8 16. Na4 Nd7 17. Kh1 Nc5 18. Bf4 Nxa4 19. bxa4 Qb6 20. Bf1 Bg7 21. Re2
Be5 22. Be3 Qb3 23. Qc1 Qxa4 24. h3 Qb4 25. c5 dxc5 26. Bxc5 Qb3 27. Rf2 Bf4
28. Qxf4 Qxd1 29. Kh2 Be6 30. Rd2 Qc1 31. Be3 Qe1 32. Bf2 Qc1 33. Be3 Qe1 34.
Bf2 Qc1 35. Be3 Qe1 36. Rd6 Rad8 37. Bd4 Rxd6 38. Qxd6 Qxf1 39. Qe5 Kf8 40. Be3
Qc1 41. Qf4 Kg8 1/2-1/2

[Event "III Open A"]
[Site "Lodi ITA"]
[Date "2007.06.10"]
[Round "4"]
[White "Okhotnik, Vladimir"]
[Black "Natalucci, Fabrizio"]
[Result "1-0"]
[WhiteElo "2484"]
[BlackElo "2203"]
[PlyCount "59"]
[EventDate "2007.06.08"]

1. e4 c5 2. Ne2 d6 3. g3 Nc6 4. Bg2 g6 5. c3 Bg7 6. O-O Qb6 7. Na3 Nh6 8. Nc4
Qa6 9. Ne3 O-O 10. d4 Rb8 11. h3 cxd4 12. Nxd4 Nxd4 13. cxd4 Be6 14. g4 f5 15.
exf5 gxf5 16. g5 Nf7 17. Qh5 Nh8 18. Nd5 Ng6 19. Nc7 Qc4 20. Nxe6 Qxe6 21. Rd1
b6 22. Bc6 Qc4 23. Qf3 e6 24. b3 Qa6 25. Bd7 e5 26. Bxf5 exd4 27. Qd5+ Kh8 28.
Bxg6 hxg6 29. Rxd4 Be5 30. Bb2 1-0

[Event "III Open A"]
[Site "Lodi ITA"]
[Date "2007.06.10"]
[Round "4"]
[White "Omeri, Silvan"]
[Black "Mola, Pietro"]
[Result "0-1"]
[WhiteElo "2168"]
[BlackElo "2276"]
[PlyCount "48"]
[EventDate "2007.06.08"]

1. e4 c5 2. Nf3 d6 3. d4 cxd4 4. Nxd4 Nf6 5. Nc3 a6 6. f3 e6 7. Be3 b5 8. Qd2
Bb7 9. O-O-O Nbd7 10. g4 Nb6 11. Qf2 Nfd7 12. h4 Rc8 13. Bh3 Rxc3 14. bxc3 Qc7
15. Bd2 d5 16. Nb3 Ba3+ 17. Kb1 O-O 18. Rhe1 Na4 19. Re3 Ndb6 20. Be1 Nc4 21.
Re2 Bb2 22. a3 Qd6 23. e5 Qxa3 24. Qd4 Ba1 0-1

[Event "III Open A"]
[Site "Lodi ITA"]
[Date "2007.06.10"]
[Round "4"]
[White "Pedini, Dario"]
[Black "Lazic, Miroljub"]
[Result "0-1"]
[WhiteElo "2024"]
[BlackElo "2450"]
[PlyCount "103"]
[EventDate "2007.06.08"]

1. e4 d6 2. d4 Nf6 3. Nc3 e5 4. Nf3 Nbd7 5. Be3 Be7 6. h3 c6 7. a4 a5 8. Bc4
O-O 9. dxe5 dxe5 10. Qe2 Bb4 11. Nd2 Nc5 12. f3 Nh5 13. Qf2 Ne6 14. Rd1 Qf6 15.
Ne2 Nef4 16. g3 Nxe2 17. Kxe2 Be6 18. Bd3 Rfd8 19. f4 exf4 20. gxf4 Qxb2 21.
Rhg1 g6 22. f5 Ba2 23. Bg5 Re8 24. Qf3 Ng7 25. h4 Qe5 26. Rdf1 Nxf5 27. Qxf5
gxf5 28. Bf6+ Kf8 29. Bxe5 Rxe5 30. Rxf5 Rxf5 31. exf5 Re8+ 32. Kd1 f6 33. Nb3
Re3 34. Bc4 Ke7 35. Nxa5 Bxc4 36. Nxc4 Re4 37. Nb6 Ba5 38. Na8 Kf7 39. Kc1 Rxa4
40. Kb2 Rxh4 41. Rd1 Ke7 42. Re1+ Kf8 43. Ra1 Rb4+ 44. Kc1 Rb5 45. c4 Rxf5 46.
Kc2 h5 47. Kd3 Bd8 48. Ra7 Ra5 49. Rxb7 Rxa8 50. Rh7 Ra5 51. Kd4 Bb6+ 52. Ke4
0-1

[Event "III Open A"]
[Site "Lodi ITA"]
[Date "2007.06.10"]
[Round "4"]
[White "Rombaldoni, Axel"]
[Black "Gonda, Laszlo"]
[Result "1-0"]
[WhiteElo "2221"]
[BlackElo "2501"]
[PlyCount "65"]
[EventDate "2007.06.08"]

1. e4 c5 2. Nf3 d6 3. d4 cxd4 4. Nxd4 Nf6 5. Nc3 Nc6 6. Nb3 g6 7. Be2 Bg7 8.
O-O O-O 9. Re1 Be6 10. Bg5 h6 11. Bh4 Na5 12. e5 Nxb3 13. exf6 Bxf6 14. Bxf6
Nxa1 15. Bd4 Nxc2 16. Qxc2 Bf5 17. Qd2 Kh7 18. Be3 h5 19. Bh6 Rg8 20. Bf4 d5
21. Qxd5 Qxd5 22. Nxd5 Rgd8 23. Nc3 e6 24. Bg5 Rd7 25. h3 e5 26. Bb5 Rc7 27.
Rxe5 Rac8 28. Be2 Rc5 29. Rxc5 Rxc5 30. Be3 Ra5 31. a4 a6 32. f4 Bd7 33. g4 1-0

[Event "III Open A"]
[Site "Lodi ITA"]
[Date "2007.06.10"]
[Round "4"]
[White "Rombaldoni, Denis"]
[Black "Bianchi, Andrea"]
[Result "1-0"]
[WhiteElo "2368"]
[BlackElo "2131"]
[PlyCount "69"]
[EventDate "2007.06.08"]

1. d4 d5 2. c4 e6 3. Nf3 Nf6 4. g3 Be7 5. Bg2 O-O 6. O-O dxc4 7. Qc2 a6 8. a4
Bd7 9. Rd1 Bc6 10. Nc3 Nd5 11. e4 Nxc3 12. bxc3 b5 13. d5 exd5 14. exd5 Bb7 15.
Nd4 Bd6 16. axb5 Nd7 17. Be3 Nb6 18. bxa6 Rxa6 19. Rxa6 Bxa6 20. Nf5 Qf6 21.
Be4 h6 22. Bd4 Be5 23. d6 Bxd4 24. Rxd4 c5 25. Rd2 Rd8 26. Qb1 Na4 27. Bc2 Nxc3
28. Qb6 Ra8 29. Ne7+ Kf8 30. Qxc5 Qe6 31. d7 Qe1+ 32. Kg2 Qxd2 33. Bh7 Qxd7 34.
Ng6+ Ke8 35. Qf8# 1-0

[Event "III Open A"]
[Site "Lodi ITA"]
[Date "2007.06.10"]
[Round "4"]
[White "Salvador, Roland"]
[Black "Nieus, Thierry"]
[Result "1-0"]
[WhiteElo "2452"]
[BlackElo "2201"]
[PlyCount "67"]
[EventDate "2007.06.08"]

1. d4 Nf6 2. Nf3 e6 3. c4 c5 4. d5 b5 5. Bg5 exd5 6. cxd5 h6 7. Bxf6 Qxf6 8.
Nc3 b4 9. Ne4 Qb6 10. d6 Bb7 11. Qd3 Qc6 12. Nfd2 Na6 13. Rc1 O-O-O 14. e3 f5
15. Ng3 f4 16. Nge4 fxe3 17. fxe3 Re8 18. Be2 Rxe4 19. Nxe4 Qxe4 20. Qxe4 Bxe4
21. Bxa6+ Kb8 22. Rxc5 Bxd6 23. Rb5+ Kc7 24. O-O Bc6 25. Rc1 Kd8 26. Bb7 Kc7
27. Bxc6 dxc6 28. Rf5 Kb6 29. Kf2 Re8 30. Kf3 Be5 31. Rc4 g6 32. Rf7 Bd6 33.
Rf6 Bc5 34. Re4 1-0

[Event "III Open A"]
[Site "Lodi ITA"]
[Date "2007.06.10"]
[Round "4"]
[White "Vignoli, Matteo"]
[Black "Sibilio, Mario"]
[Result "0-1"]
[WhiteElo "1999"]
[BlackElo "2383"]
[PlyCount "90"]
[EventDate "2007.06.08"]

1. e4 d6 2. d4 g6 3. Nc3 a6 4. Be3 b5 5. Qd2 Bb7 6. f3 Nd7 7. g4 Bg7 8. Nce2 h5
9. g5 e6 10. h4 Ne7 11. Ng3 c5 12. c3 Qc7 13. Bd3 d5 14. e5 Nb6 15. b3 Rc8 16.
Rc1 c4 17. Bb1 cxb3 18. axb3 Nc6 19. Kf2 Bf8 20. N1e2 Ba3 21. Nf4 Bxc1 22. Rxc1
Ne7 23. Bd3 Ra8 24. Qc2 Bc8 25. Ra1 Bd7 26. Bc1 b4 27. c4 a5 28. Bd2 Qb7 29. c5
Nbc8 30. Nxg6 fxg6 31. Bxg6+ Kd8 32. Bf7 Be8 33. Bxe6 Bg6 34. Qa2 Rf8 35. f4
Qa6 36. Bh3 Qd3 37. Be3 Nc6 38. Qa4 N8e7 39. Bf1 Qc2+ 40. Be2 Nxd4 41. Ra2 Qxb3
42. Bxd4 Rxf4+ 43. Kg2 Qxa4 44. Rxa4 Rxd4 45. Kh3 Bc2 0-1

[Event "III Open A"]
[Site "Lodi ITA"]
[Date "2007.06.10"]
[Round "4"]
[White "Zelcic, Robert"]
[Black "Sciortino, Massimo"]
[Result "1-0"]
[WhiteElo "2554"]
[BlackElo "2254"]
[PlyCount "119"]
[EventDate "2007.06.08"]

1. e4 e5 2. Nf3 Nc6 3. Bc4 Nf6 4. d4 exd4 5. e5 d5 6. Bb5 Ne4 7. Nxd4 Bc5 8.
Be3 Bd7 9. Bxc6 bxc6 10. O-O O-O 11. f3 Ng5 12. f4 Ne4 13. Nd2 Nxd2 14. Qxd2 f6
15. Nb3 Bb6 16. Bc5 fxe5 17. fxe5 Qe7 18. Qd4 Bf5 19. Kh1 Qg5 20. Qf4 Qxf4 21.
Rxf4 Bxc5 22. Nxc5 Bxc2 23. Raf1 Rxf4 24. Rxf4 Rf8 25. Rxf8+ Kxf8 26. Kg1 Kf7
27. Kf2 d4 28. Kf3 g5 29. Ke2 Kg6 30. Kd2 Bb1 31. b3 g4 32. a3 h5 33. g3 Kg5
34. b4 Bg6 35. Ne6+ Kf5 36. Nxd4+ Ke4 37. Nxc6 Kf3 38. Ne7 Bf7 39. Ke1 Ke4 40.
Nc6 Be8 41. Nxa7 Kxe5 42. b5 Bd7 43. Kd2 Kd4 44. a4 Kc4 45. Kc2 Kb4 46. Kd3
Kxa4 47. Kc4 Ka3 48. Kc5 Kb3 49. Nc6 Kc3 50. Nb4 Kd2 51. Nd5 Ke2 52. Nf6 Bf5
53. Kc6 Bd3 54. Nxh5 Kf2 55. Nf6 Be2 56. Nxg4+ Bxg4 57. Kxc7 Kg2 58. b6 Bf3 59.
g4 Kxh2 60. g5 1-0

[Event "III Open A"]
[Site "Lodi ITA"]
[Date "2007.06.10"]
[Round "5"]
[White "Bonade', Massimo"]
[Black "Peredy, Ferenc"]
[Result "1/2-1/2"]
[WhiteElo "2143"]
[BlackElo "2328"]
[PlyCount "87"]
[EventDate "2007.06.08"]

1. d4 d5 2. c4 dxc4 3. Nc3 a6 4. a4 Nc6 5. Nf3 Bg4 6. e3 Na5 7. Be2 c5 8. O-O
e6 9. Ne5 Bxe2 10. Qxe2 Nf6 11. Rd1 Rc8 12. Nxc4 Nxc4 13. Qxc4 cxd4 14. Qe2 Be7
15. Rxd4 Qb6 16. a5 Qc7 17. Bd2 O-O 18. Na4 Nd5 19. Rc1 Qe5 20. Rdc4 Rcd8 21.
Nc5 Bxc5 22. Rxc5 Qxb2 23. R5c2 Qe5 24. Rb1 Rd7 25. Rcb2 Rfd8 26. Qe1 Qe4 27.
f3 Qd3 28. Rxb7 Nc7 29. Bc3 Nb5 30. Rxd7 Rxd7 31. Bd4 h6 32. Rd1 Qb3 33. Rb1
Qd5 34. Bb6 Qd3 35. Rc1 Qb3 36. Qe2 Qb4 37. Qe1 Qb3 38. Qe2 Qb4 39. Qe1 Qa4 40.
Rc8+ Kh7 41. Rc1 Rd5 42. Qe2 g6 43. h3 Rd7 44. Qe1 1/2-1/2

[Event "III Open A"]
[Site "Lodi ITA"]
[Date "2007.06.10"]
[Round "5"]
[White "Brunello, Sabino"]
[Black "Galassi, Federico"]
[Result "1-0"]
[WhiteElo "2454"]
[BlackElo "2142"]
[PlyCount "33"]
[EventDate "2007.06.08"]

1. e4 d6 2. d4 Nf6 3. Nc3 g6 4. Be3 c6 5. Qd2 b5 6. f3 Nbd7 7. h4 h5 8. Nh3 Bg7
9. Ng5 Bb7 10. O-O-O Qa5 11. Kb1 b4 12. Ne2 O-O 13. g4 c5 14. Ng3 Nb6 15. gxh5
gxh5 16. Rg1 c4 17. Qg2 1-0

[Event "III Open A"]
[Site "Lodi ITA"]
[Date "2007.06.10"]
[Round "5"]
[White "Burlando, Alessandro"]
[Black "Dragojlovic, Andjelko"]
[Result "0-1"]
[WhiteElo "2115"]
[BlackElo "2412"]
[PlyCount "120"]
[EventDate "2007.06.08"]

1. d4 g6 2. c4 Nf6 3. Nc3 d5 4. cxd5 Nxd5 5. e4 Nxc3 6. bxc3 Bg7 7. Nf3 c5 8.
Rb1 O-O 9. Be2 Nd7 10. O-O Nf6 11. Bd3 b6 12. Qe2 Bg4 13. Bb2 e5 14. dxc5 bxc5
15. Qe3 Qc7 16. Bc4 Nh5 17. Bd5 Rac8 18. c4 Nf4 19. g3 Ne6 20. Nd2 Nd4 21. f3
Bd7 22. Nb3 Rb8 23. Ba3 Rfc8 24. Nxd4 exd4 25. Qd3 h5 26. f4 Bh3 27. Rfe1 Rb6
28. e5 Rcb8 29. Rb5 Bf5 30. Be4 Rxb5 31. cxb5 Qa5 32. Re2 c4 33. Qxc4 Qxa3 34.
Bxf5 gxf5 35. Qxd4 Qc1+ 36. Kg2 Qc8 37. Qd5 Qe6 38. Qxe6 fxe6 39. a4 a6 40. Rb2
Bf8 41. Kf3 axb5 42. axb5 Bc5 43. Ke2 Kf7 44. Kd3 Ke7 45. Kc4 Bb6 46. Rd2 Rd8
47. Ra2 Kd7 48. Kb3 Ke7 49. Rc2 Rd1 50. Rc6 Rb1+ 51. Ka4 Ba7 52. Rc2 Kd7 53.
Ka5 Ra1+ 54. Kb4 h4 55. gxh4 Be3 56. Rg2 Bxf4 57. Rg7+ Ke8 58. b6 Bxe5 59. Rh7
f4 60. b7 f3 0-1

[Event "III Open A"]
[Site "Lodi ITA"]
[Date "2007.06.10"]
[Round "5"]
[White "Cazzaniga, Walter"]
[Black "Czebe, Attila"]
[Result "0-1"]
[WhiteElo "2174"]
[BlackElo "2500"]
[PlyCount "122"]
[EventDate "2007.06.08"]

1. d4 e6 2. c4 b6 3. Nf3 Bb7 4. g3 Bb4+ 5. Bd2 Bxf3 6. exf3 Bxd2+ 7. Qxd2 d5 8.
cxd5 Qxd5 9. Bg2 Nc6 10. O-O Nxd4 11. Kh1 Rd8 12. Nc3 Qd7 13. Rad1 Ne7 14. f4
c5 15. a3 a5 16. Ne4 a4 17. Qd3 O-O 18. Qc4 Rc8 19. Nc3 b5 20. Nxb5 Qxb5 21.
Rxd4 Qxb2 22. Rd3 Nf5 23. Qxa4 c4 24. Rdd1 Nd4 25. Rb1 Qa2 26. Ra1 Qb3 27. Qa7
Nc2 28. Rab1 Qxa3 29. Qb6 Qc5 30. Rfc1 Nd4 31. Qxc5 Rxc5 32. Rb4 Rfc8 33. Bf1
Kf8 34. Rbxc4 Rxc4 35. Rxc4 Rxc4 36. Bxc4 Ke7 37. Kg2 Kd6 38. f3 Kc5 39. Ba6
Nf5 40. Kf2 Kd4 41. Bb5 Kc3 42. Be8 Nd6 43. Bd7 Kd2 44. Bc6 h6 45. Bd7 Nb7 46.
Be8 f6 47. Bc6 Nc5 48. g4 Nd3+ 49. Kg3 Ke3 50. f5 e5 51. h4 Nf4 52. g5 Kd3 53.
gxf6 gxf6 54. Bb5+ Kd4 55. Bc6 Ke3 56. Bb5 Ne2+ 57. Kg4 Nd4 58. Bd7 Nxf3 59.
Kh5 Kf4 60. Kg6 Nxh4+ 61. Kxf6 e4 0-1

[Event "III Open A"]
[Site "Lodi ITA"]
[Date "2007.06.10"]
[Round "5"]
[White "Contin, Daniel"]
[Black "Giretti Kanev, Jasen"]
[Result "0-1"]
[WhiteElo "2327"]
[BlackElo "2184"]
[PlyCount "90"]
[EventDate "2007.06.08"]

1. e4 c6 2. d4 d5 3. exd5 cxd5 4. c4 Nf6 5. Nc3 g6 6. Qb3 Bg7 7. cxd5 O-O 8.
Be2 Nbd7 9. Bf3 Nb6 10. Nge2 Bg4 11. Bxg4 Nxg4 12. Bf4 Re8 13. O-O Nf6 14. d6
exd6 15. a4 Qd7 16. a5 Nbd5 17. Nxd5 Nxd5 18. Qxd5 Rxe2 19. a6 Qc6 20. Qxd6
Qxd6 21. Bxd6 bxa6 22. Bc5 Rxb2 23. Rfd1 Bf8 24. Rdc1 Bxc5 25. dxc5 Rc8 26. Rc4
Rc6 27. f4 Kg7 28. Rd1 Rb3 29. Rd5 a5 30. Kf2 Rb4 31. Rxb4 axb4 32. Ke3 a5 33.
Kd4 b3 34. Kc3 a4 35. Kb2 Ra6 36. Rd1 Kf6 37. Ka3 Ke6 38. Rd2 Ra5 39. Kb4 Rxc5
40. Re2+ Kf6 41. Kxa4 Rc2 42. Re3 b2 43. Rb3 Rxg2 44. h3 h5 45. Ka3 Rg3 0-1

[Event "III Open A"]
[Site "Lodi ITA"]
[Date "2007.06.10"]
[Round "5"]
[White "Damia, Angelo"]
[Black "Salvador, Roland"]
[Result "0-1"]
[WhiteElo "2212"]
[BlackElo "2452"]
[PlyCount "86"]
[EventDate "2007.06.08"]

1. e4 c5 2. a3 b6 3. b4 Bb7 4. f3 e6 5. d4 cxd4 6. Qxd4 Be7 7. Bf4 Nc6 8. Qb2
Bf6 9. e5 Bg5 10. Bg3 Bh4 11. Nd2 Nxe5 12. O-O-O Bxg3 13. hxg3 Qf6 14. Ne2 Ne7
15. g4 Rc8 16. Kb1 N7g6 17. Ng3 O-O 18. Nde4 Bxe4 19. Nxe4 Qf4 20. Nd6 Rc6 21.
Bb5 Rxd6 22. Rxd6 Nc4 23. Rd4 Nxb2 24. Rxf4 Nxf4 25. Kxb2 d5 26. g3 Ng6 27. f4
Ne7 28. c4 dxc4 29. Bxc4 Rd8 30. Kc3 g6 31. a4 Kg7 32. a5 bxa5 33. bxa5 Nd5+
34. Bxd5 Rxd5 35. Kb4 e5 36. fxe5 Rxe5 37. Rc1 Re3 38. Rc3 Rxc3 39. Kxc3 Kf6
40. Kc4 Kg5 41. Kb5 Kxg4 42. Ka6 Kxg3 43. Kxa7 f5 0-1